=LDR 00000nam 2200000 4500 =001 INLIS000000000045417 =005 20221018082050 =035 ##$$a 0010-011500000000243 =008 221018################g##########0#ind## =041 ##$$a Ind =082 ##$$a 028.5 =090 ##$$a 028.5, Kim k =100 ##$$a Kim Shin-Joong =245 1#$$a Kisah bijak kitab suci : $b Power bible comic 5 pemecahan kerajaan /$c Kim Shin - Joong, Alih bahasa: Sutoyo Soh Dae Yong =260 ##$$a Jakarta :$b Elex Media Komputindo,$c 2010 =300 ##$$a 210 Hlm : $b ILUS ; $c 21 cm =650 #4$$a Bacaan anak-anak =850 ##$$a NBPNMAT =020 ##$$a 978-979-27-7005-6 =084 ##$$a 028.5 KIM k =990 ##$$a 0001/BPAP-NTB/20142015 =990 ##$$a 0001/BPAP-NTB/2016 =990 ##$$a 21101264 =990 ##$$a 00093250